Toutes les blessures de Neymar Jr - Statistiques

Statistiques générales
  • Ce quiz a été pris 87 fois
  • Le résultat moyen est 7 sur 38
Statistiques - réponses
Saison Nom Blessure Matchs Manqués % Correct
23/24 Rupture du ligament croisé 56
85%
14/15 Entorse à la cheville 1
77%
22/23 Opération de la cheville 15
76%
20/21 Problèmes à la cheville 5
76%
15/16 Problèmes à la cuisse 2
33%
17/18 Problèmes à la cuisse 2
33%
17/18 Fracture du métatarse 18
29%
18/19 Fracture du métatarse 20
29%
13/14 Blessure au pied 7
27%
19/20 Blessure à l'ischio 8
24%
14/15 Blessure aux vertèbres 2
14%
15/16 Blessure aux adducteurs 3
12%
16/17 Blessure aux adducteurs 2
12%
20/21 Blessure aux adducteurs 6
12%
20/21 Blessure aux adducteurs 9
12%
21/22 Blessure aux adducteurs 1
12%
21/22 Blessure aux adducteurs 1
12%
15/16 Déchirure musculaire au niveau des adducteurs 2
12%
20/21 Coronavirus 1
11%
18/19 Déchirure des ligaments de la cheville 8
9%
15/16 Malade 4
9%
17/18 Coup 1
5%
18/19 Repos 1
5%
18/19 Repos 1
5%
18/19 Repos 1
5%
20/21 Repos 1
5%
13/14 Blessure à la malléole 10
2%
21/22 Blessure à la malléole 15
2%
22/23 Blessure à la malléole 2
2%
18/19 Blessure aux adducteurs 1
2%
18/19 Blessure aux adducteurs 4
2%
19/20 Manque d'entrainement 4
2%
21/22 Manque d'entrainement 4
2%
17/18 Blessure mineure 1
0%
17/18 Blessure mineure 2
0%
19/20 Contusion thoracique 4
0%
16/17 Problèmes musculaires 1
0%
23/24 Problèmes musculaires 7
0%
Aucun quiz correspondant
Distribution des résultats
% des personnes avec chaque résultat
Percentile par nombre de réponses
Votre historique - résultats
Vous n’avez pas pris ce quiz